000
00301nam a2200109Ia 4500
008
230907s9999||||xx |||||||||||||| ||und||
082
_a
620.118
_b
TES
245
0
_a
Test methods and design allowables for fibrous composites /
260
_a
ASTM,
_b
Philadelphia :
_c
1981
300
_a
434 p.
942
_c
BK
999
_c
599933
_d
599933